ARRUPE JESUIT UNIVERSITY

CORONAVIRUS -STOP THE SPREAD - CLEAN,DISINFECT,COVER

Fall on your knees : (Record no. 123539)

MARC details
000 -LEADER
fixed length control field 00873cam a2200265Ka 4500
001 - CONTROL NUMBER
control field 5963135
005 - DATE AND TIME OF LATEST TRANSACTION
control field 20151020113026.0
008 - FIXED-LENGTH DATA ELEMENTS--GENERAL INFORMATION
fixed length control field 980420t19981996nyu 000 1 eng d
020 ## - INTERNATIONAL STANDARD BOOK NUMBER
International Standard Book Number 9780743237185
035 ## - SYSTEM CONTROL NUMBER
System control number (OCoLC)ocm38980797
035 ## - SYSTEM CONTROL NUMBER
System control number (NNC)5963135
040 ## - CATALOGING SOURCE
Original cataloging agency JDP
Transcribing agency JDP
Modifying agency OCL
-- OCLCQ
043 ## - GEOGRAPHIC AREA CODE
Geographic area code n-cn-ns
050 #4 - LIBRARY OF CONGRESS CALL NUMBER
Classification number PR9199.3.M2985
Item number F35 1998
100 1# - MAIN ENTRY--PERSONAL NAME
Personal name MacDonald, Ann-Marie,
Dates associated with a name 1958-
9 (RLIN) 20324
245 10 - TITLE STATEMENT
Title Fall on your knees :
Remainder of title a novel /
Statement of responsibility, etc Ann-Marie MacDonald.
260 ## - PUBLICATION, DISTRIBUTION, ETC. (IMPRINT)
Place of publication, distribution, etc New York, NY :
Name of publisher, distributor, etc Scribner Paperback Fiction,
Date of publication, distribution, etc 1998, c1996.
300 ## - PHYSICAL DESCRIPTION
Extent 508 p. ;
Dimensions 21 cm.
650 #0 - SUBJECT ADDED ENTRY--TOPICAL TERM
Topical term or geographic name as entry element Families
Geographic subdivision Nova Scotia
-- Cape Breton Island
Form subdivision Fiction.
9 (RLIN) 20325
650 #0 - SUBJECT ADDED ENTRY--TOPICAL TERM
Topical term or geographic name as entry element Sisters
Geographic subdivision Nova Scotia
-- Cape Breton Island
Form subdivision Fiction.
9 (RLIN) 20326
655 #7 - INDEX TERM--GENRE/FORM
Genre/form data or focus term Domestic fiction.
Source of term lcsh
-- 20327
942 ## - ADDED ENTRY ELEMENTS (KOHA)
Source of classification or shelving scheme Library of Congress Classification
Item type Monograph ( Printed materials)
948 1# - LOCAL PROCESSING INFORMATION (OCLC); SERIES PART DESIGNATOR (RLIN)
Series part designator, SPT (RLIN) 20061215
b (OCLC) c
c (OCLC) vt2130
d (OCLC) MPS
Holdings
Withdrawn status Lost status Source of classification or shelving scheme Damaged status Not for loan Collection code Home library Current library Shelving location Date acquired Total Checkouts Full call number Barcode Date last seen Price effective from Koha item type
    Library of Congress Classification     Main Collection ARRUPE LIBRARY ARRUPE LIBRARY Main Collection 20/10/2015   PR9199.3.M2985 F35 1998 46500005448 20/10/2015 20/10/2015 Monograph ( Printed materials)

 

Arrupe Library. PO Box MP320 Mt Pleasant, Harare, Zimbabwe
263 242 745411|librarian@aju.ac.zw